Word Ladder: 3 Gestures to Say Well Done Quiz Stats

 Plays Quiz Updated May 13, 2015

Challenge
Share
Tweet
Embed
Score 0/30 Timer 03:00
0 Plays Today
Clue 4-Letter Rung % Correct
Breath of disappointmentSIGH
91.5%
Like Mt EverestHIGH
91.2%
Cigarette leftoverBUTT
91.2%
Not taped (as a TV show)LIVE
91.1%
No ifs, ands or ___BUTS
90.3%
Open hand strikeSLAP
90%
Balled handFIST
89%
Cinq, fünf, ห้า, etc.FIVE
88.8%
'We Didn't Start the ___' (Joel)FIRE
88.8%
Close (a door) violentlySLAM
88.1%
Put one's hands togetherCLAP
87.4%
Lightest of rainMIST
86.6%
Post-feeding activity for babyBURP
85.8%
Deliverance actor ReynoldsBURT
85%
Darth Maul, for oneSITH
83.5%
Clue 4-Letter Rung % Correct
Uses a bookieBETS
82.7%
Lo-fatLITE
82.2%
Stitched clothing jointSEAM
81.8%
VenueSITE
81.2%
Small bulgeBUMP
78.4%
Matched itemsSETS
76.8%
Black and South ChinaSEAS
76.7%
Boggy groundMIRE
74.3%
Film marathonFEST
71.2%
Vagrants and idlersBUMS
68.4%
Soy product often used in soupMISO
61.8%
Daniel Boone actor ParkerFESS
57.2%
Catalan Surrealist painter JoanMIRÓ
56.6%
Eleanor's White House successorBESS
56.5%
KissBUSS
53.9%

Today's Daily Dose

You're not logged in!

Compare scores with friends on all Sporcle quizzes.
OR
Log In

You Might Also Like...

Show Comments

Extras

Top Quizzes Today


Score Distribution

Your Account Isn't Verified!

In order to create a playlist on Sporcle, you need to verify the email address you used during registration. Go to your Sporcle Settings to finish the process.

Report this User

Report this user for behavior that violates our Community Guidelines.

Details: